000 02055cam a22004814i 4500
003 PE-LiUPU
005 20250731165628.0
008 150616s r 000 0 d
020 _a9682433894
035 _a(Sirsi) i9789682433894
040 _aPE-LiUPU
_bspa
_cPE-LiUPU
_erda
049 _aPRUA
082 0 4 _a001.41
_bP123p
_223
100 1 _aPadilla, Hugo,
_eautor.
245 1 3 _aEl Pensamiento Científico /
_cHugo Padilla.
264 1 _aMéxico, D.F. :
_bEditorial Trillas, S. A.,
_c1992.
300 _a317 páginas :
_bIlustraciones ;
_c22 centímetros.
336 _atext
_2rdacontent
337 _aunmediated
_2rdamedia
338 _avolume
_2rdacarrier
490 _a(Temas básicos. Metodología de la ciencia ;
_v6)
505 0 _aEL LENGUAJE Y LAS FALACIAS -- El lenguaje -- Funciones del lenguaje -- Las falacias -- LA LÓGICA -- Objeto de la lógica -- Lógica elemental -- LA INDUCCIÓN Y LA INVESTIGACIÓN CIENTÍFICA -- La inducción y la ciencia -- EL MÉTODO Y LA EXPLICACIÓN CIENTÍFICA -- El método científico y las ramas de la ciencia -- Modelos de explicación científica -- LAS CIENCIAS FORMALES -- Verdad y prueba -- El sistema axiomático -- Planteamiento y solución de problemas -- ¿Invención o descubrimiento? -- LAS CIENCIAS EMPÍRICAS -- Naturaleza y propósito de la ciencia -- Las hipótesis -- El método científico -- Las teorías y la explicación teórica.
526 _aSEG44
526 _aSEG26
526 _aP151
526 _aP150
526 _aP149
526 _aP146
526 _aP145
526 _aP126
526 _aP125
526 _aP92
526 _aP75
526 _aP74
526 _aP27
526 _aP15
650 0 _aMetodología científica
_92427
910 _ajck
942 _2ddc
_cBK
_n0
949 _a501 P123p
_wDEWEY
_c1
_i39748
_d2015-8-14
_e2015-8-13
_lCCODEBUL1
_mBUL
_n1
_r0
_sY
_tBOOK
_u2015-6-16
_xEDUCACION
_0COMPRA
_o.STAFF. Colección General
980 _81
_gALBERTO SANCHEZ Responsable de Automatización
999 _c57398
_d57398